Normal view
MARC view
- H. Moore
Entry Personal Name
001 - CONTROL NUMBER
- control field: 104201
003 - CONTROL NUMBER IDENTIFIER
- control field: NUST
005 - DATE AND TIME OF LATEST TRANSACTION
- control field: 20221206111051.0
008 - FIXED-LENGTH DATA ELEMENTS
- fixed length control field: 221206|| aca||aabn | a|a d
040 ## - CATALOGING SOURCE
- Original cataloging agency: NUST
- Transcribing agency: NUST
100 ## - HEADING--PERSONAL NAME
- Personal name: H. Moore
670 ## - SOURCE DATA FOUND
- Source citation: Work cat.: (NUST)194198: H. Moore, A textbook of intermediate physics, 1923
